| 000 | 00794cam a22002772 4500 | ||
|---|---|---|---|
| 001 | 12269 | ||
| 003 | UkOxU | ||
| 005 | 20211208235250.0 | ||
| 008 | 140128s1971 moua 001 0 eng d | ||
| 020 | _a801615686 | ||
| 035 | _a(BD-RjUL)12318 | ||
| 040 |
_aCCL _cCCL _dBD-RUj _beng |
||
| 041 | _aeng | ||
| 082 | 0 | 4 |
_211 _a 610 _bCUR 1971 |
| 090 |
_aRT63 _b.C86 |
||
| 096 | _aWY100 C976 1967 | ||
| 245 | 0 | 0 |
_aCurrent concepts in clinical nursing / _cEd. by Betty S. Bergersen [and others] _nVolume III |
| 260 |
_aSt. Louis : _bMosby, _cc1971 |
||
| 300 |
_axi.352p. : _billus. ; _c26 cm. |
||
| 504 | _aIncludes Index | ||
| 650 | 0 |
_aNursing. _938090 |
|
| 650 | 2 |
_aNursing Care _938091 |
|
| 700 | 1 |
_aBergersen, Betty S. _q(Betty Serene), _d1923- _938092 |
|
| 942 |
_2ddc _cBK |
||
| 999 |
_c12269 _d12269 |
||